MDQL
is popping MORE tags! Check the
thread
!
Quizzes
Events
Quiz Creation
Community
Videos
Private Events
Remove Ads
Sign In
Join for FREE
Feedback
Dark Mode
Quiz Categories
Sports
Geography
Music
Movies
Television
Just For Fun
Miscellaneous
History
Literature
Language
Science
Gaming
Entertainment
Religion
Holiday
For Kids
Quiz Lab
Recent
Popular Today
Quiz Kudos Today
Editor Picks
Curator Picks
Quizzes by...
Day
Popularity
Type
Ratings
Length
Year
Community
Subscriptions
Recent Discussions
Orange Saloon
Badges
Playlists
Quests
Create
Leaderboards
Showdown
Live 5
Trivia Bingo
Activity
Puzzle Library
Sporcle Events
Private Events
Virtual Trivia
Globe League
Become a Host
Pub Owners
SporcleCon
Opinionation
Our Games
Videos
Blog
Mobile Apps
Partnerships
Remove Ads and Go Orange
Feedback
Music
Pop Music
The Beatles
Song
Album
Lyrics
Bands
Singers
Artist
Clip
Rock
Rap
Classical
Billboard
Country Music
Kpop
Taylor Swift
Music
Pop Music
The Beatles
Song
Album
Lyrics
Bands
Singers
Artist
Clip
Rock
Rap
Classical
Billboard
Country Music
Kpop
Taylor Swift
Random Quiz
Search Sporcle
×
Curator Pick
Curator Pick
Music
Singers
Type in answers that appear in a list
Type in answers that appear in a list
Classic
Best Score? Go Orange.
Hit Cher Singles Stats
Can you name the Cher songs that cracked the Top 20 on the Billboard Hot 100?
By
gvilleguy1124
6m
16 Questions
711 Plays
711 Plays
711 Plays
Comments
Comments
Give Quiz Kudos
Give Quiz Kudos
-
- Ratings
hide this ad
More Info
Replay
Link that replays current quiz
Next Quiz
Link to next quiz in quiz playlist
You Got
0%
They Got
Avg Score
51%
Avg Friend Score
Upgrade to see
Score Distribution
Jump to the score distribution portion of the page
Score
0/16
Timer
06:00
0
Plays Today
Year
Songs
% Correct
1998
Believe
93%
1989
If I Could Turn Back Time
77.2%
1971
Gypsies, Tramps & Thieves
75%
1974
Dark Lady
67.2%
1973
Half-Breed
66.4%
1987
I Found Someone
52.5%
1966
Bang Bang (My Baby Shot Me Down)
51.5%
1990
Just Like Jesse James
49.9%
Year
Songs
% Correct
1990
Heart of Stone
45.9%
1979
Take Me Home
45.6%
1989
After All (duet with Peter Cetera)
38.1%
1988
We All Sleep Alone
38%
1965
All I Really Want to Do
37%
1991
Love and Understanding
33.3%
1972
The Way of Love
26.6%
1967
You Better Sit Down Kids
19.4%
Quiz Playlist
Details
Report
Send in Message
Add To Playlist
More Info:
This list does include Sonny & Cher songs.
Classic:
Type in answers that appear in a list
Quiz Source
Last Updated: Feb 16, 2017
Curator Pick in
Singers
Quiz Scoreboard
CHALLENGE
Sign Up to Join the Scoreboard
Show All
Scores
Hide
Comments
May contain spoilers
Recently Published
Find the 'City' Movie
by crazypaving
Movies
60s
5x2 Blitz: Bands
by SL_Kpop136
Music
30s
Colored Red Africa Blitz
by spor1
Geography
30s
More to Explore
Quiz From the Vault
Featured Blog Post
14 Easter Pick-up Lines to Find Eggs With
hide this ad
You Might Also Like...
Tags
Billboard Quiz
Singers Quiz
Song Quiz
100
chart
Cher
Cracked
hit
hot
Hot 100
peak
Single
Top 20
Today's Top Quizzes in Music
Browse Music
hide this ad
Today's Top Quizzes in Singers
Browse Singers
Top Contributed Quizzes in Music
1
5X2 Blitz: Bands II
2
5X2 Blitz: The Beatles
3
Taylor Swift All Songs (2024)
4
5X2 Blitz: Billboard
5
Taylor Swift Logic Puzzle II
6
5X2 Blitz: Billboard II
7
5X2 Blitz: Singers
8
5X2 Blitz: Album
9
5X2 Blitz: Rock
10
5X2 Blitz: Lyrics
Explore More
Trending Topics
NBA
Anime
Harry Potter
Kpop
Marvel
Disney
Crossword
The Office
WWE
Pokémon
Country
Soccer
Puzzle
Song
NFL
hide this ad
More By:
gvilleguy1124
Quiz
Plays
Rating
Category
Featured
Created
100 Books, 100 Authors
64,423
4.54
Literature
Oct 15, 2011
Every Single Oscar Winning Actress Ever!
23,441
4.59
Movies
Mar 20, 2012
Lip Sync for Your Life Minefield
11,373
3.25
Television
Jan 7, 2017
ASOIAF Top 100 Characters
6,023
4.80
Literature
Jul 23, 2014
Oscar Best Actress Nominees (1960-2011)
3,042
4.80
Movies
Feb 28, 2012
Go to Creator's Profile
Score Distribution
Quiz Creator Spotlight
gvilleguy1124
Follow
Send a Message
Quizzes Created
-
Created Quiz Play Count
-
More By This Creator
Popular Quizzes Today
1
Colored Red Africa Blitz
2
Find the 'City' Movie
3
Find the US States - No Outlines Minefield
4
5x2 Blitz: Bands
5
The Countries of the World
6
Find the US States
7
US States
8
Find the Countries of Europe - No Outlines Minefield
More Music Quizzes
kpop crossword
Quiz Lab
Trending Quizzes
Colored Red Europe Blitz I
Colored Red Africa Blitz II
Colored Red Europe Blitz II
Colored Red Europe Blitz III
Colored Red Africa Blitz III
Recently Updated
How Do You Spell That?
pecheneg
Godzilla Movies
pecheneg
Grab Bag: 4-10 Letters
pecheneg
2024 March Madness Bracket
pecheneg
Famous TV Couples
Peacemaker
Champions League XIs: Real Madrid
pecheneg
Largest US Cities 1790-2010
pecheneg
Rides in Walt Disney World
pecheneg
Most Oscar Losses (Acting)
pecheneg
Beyoncé Albums
pecheneg
Trending Topics
Harry Potter
Anime
Disney
Crossword
Marvel
Kpop
NBA
WWE
Puzzle
Soccer
Country
NFL
Song
The Office
Pokémon
Your Account Isn't Verified!
In order to create a playlist on Sporcle, you need to verify the email address you used during registration. Go to your
Sporcle Settings
to finish the process.
Report this User
Report this user for behavior that violates our
Community Guidelines
.
Details:
Send Report
Go to the Sporcle.com Mobile Site →
Comments